[Event "Vladimir Dvorkovich Mem"]
[Site "Taganrog RUS"]
[Date "2015.01.23"]
[Round "6.5"]
[White "Timofeev, Arty"]
[Black "Maletin, P."]
[Result "0-1"]
[WhiteElo "2568"]
[BlackElo "2578"]
[PlyCount "64"]
[EventDate "2015.01.18"]
[EventType "swiss"]
[EventRounds "9"]
[EventCountry "RUS"]

[SourceDate "2015.01.26"]

1. d4 d5 2. c4 c6 3. Nf3 Nf6 4. Nc3 e6 5. Bg5 h6 6. Bxf6 Qxf6 7. e3 g6 8. Bd3
Bg7 9. O-O O-O 10. Ne5 dxc4 11. Bxc4 c5 12. Qe2 cxd4 13. exd4 Nd7 14. f4 Nb6
15. Bb3 Bd7 16. d5 exd5 17. Nxd7 Nxd7 18. Bxd5 Qb6+ 19. Kh1 Nf6 20. Bb3 Rfe8
21. Qc2 Kf8 22. Rae1 Rad8 23. Re5 Ng4 24. Nd5 Qb5 25. Bc4 Qc5 26. Rxe8+ Rxe8
27. b4 Qd4 28. h3 Rc8 29. hxg4 Rxc4 30. Qd1 Qe4 31. Nc7 Qe7 32. Nd5 Qh4+ 0-1

[Event "Vladimir Dvorkovich Mem"]
[Site "Taganrog RUS"]
[Date "2015.01.23"]
[Round "6.6"]
[White "Kokarev, Dm"]
[Black "Kharchenko, B."]
[Result "1/2-1/2"]
[WhiteElo "2645"]
[BlackElo "2483"]
[PlyCount "54"]
[EventDate "2015.01.18"]
[EventType "swiss"]
[EventRounds "9"]
[EventCountry "RUS"]

[SourceDate "2015.01.26"]

1. Nf3 d5 2. g3 Bg4 3. Bg2 c6 4. O-O Nd7 5. d3 e5 6. c4 dxc4 7. dxc4 Ngf6 8. h3
Bf5 9. Nc3 Bc5 10. b3 Qe7 11. Nh4 Bg6 12. Na4 Bd6 13. Be3 O-O 14. Nxg6 hxg6 15.
Qc2 Nc5 16. Nc3 a5 17. Rad1 Rfd8 18. Rd2 Ne6 19. Rfd1 Bc5 20. Rxd8+ Rxd8 21.
Rxd8+ Qxd8 22. Bd2 Bb4 23. Kf1 Qd6 24. Bc1 Ba3 25. Bd2 Bb4 26. Bc1 Ba3 27. Bd2
Bb4 1/2-1/2

[Event "Vladimir Dvorkovich Mem"]
[Site "Taganrog RUS"]
[Date "2015.01.23"]
[Round "6.7"]
[White "Girya, O."]
[Black "Volkov, Sergey1"]
[Result "0-1"]
[WhiteElo "2466"]
[BlackElo "2618"]
[PlyCount "96"]
[EventDate "2015.01.18"]
[EventType "swiss"]
[EventRounds "9"]
[EventCountry "RUS"]

[SourceDate "2015.01.26"]

1. d4 d5 2. c4 c6 3. Nf3 Nf6 4. Nc3 a6 5. e3 b5 6. b3 Bg4 7. a4 bxc4 8. bxc4
Nbd7 9. c5 a5 10. h3 Bxf3 11. Qxf3 e5 12. Qd1 g6 13. Bd3 Bg7 14. Rb1 O-O 15.
O-O Qc7 16. Bd2 Rfe8 17. Ne2 Ne4 18. Be1 f5 19. f3 Ng5 20. Bc2 Ne6 21. Bf2 exd4
22. exd4 Nf6 23. Qd2 Nh5 24. Rb6 Nef4 25. Nxf4 Qxf4 26. Qxf4 Nxf4 27. Rd1 Re2
28. Bb3 Rae8 29. Rxc6 Rb2 30. Rb6 Ree2 31. Be3 Rxg2+ 32. Kf1 Rh2 33. Bg1 Rh1
34. Bxd5+ Nxd5 35. Rxb2 Ne3+ 36. Ke2 Nxd1 37. Rb8+ Kf7 38. c6 Nc3+ 39. Kd3 Nd5
40. Rb7+ Ke6 41. c7 Kd7 42. c8=Q+ Kxc8 43. Rxg7 Rxg1 44. Kc4 Nc7 45. Rxh7 Rc1+
46. Kd3 Nd5 47. h4 Rc3+ 48. Ke2 Ra3 0-1

[Event "Vladimir Dvorkovich Mem"]
[Site "Taganrog RUS"]
[Date "2015.01.23"]
[Round "6.8"]
[White "Goganov, A."]
[Black "Lugovskoy, M."]
[Result "1/2-1/2"]
[WhiteElo "2615"]
[BlackElo "2401"]
[PlyCount "91"]
[EventDate "2015.01.18"]
[EventType "swiss"]
[EventRounds "9"]
[EventCountry "RUS"]

[SourceDate "2015.01.26"]

1. c4 e6 2. g3 d5 3. Bg2 Nf6 4. Nf3 Be7 5. O-O O-O 6. d4 dxc4 7. Qc2 a6 8. Qxc4
b5 9. Qc2 Bb7 10. Bd2 Bd6 11. Re1 Be4 12. Qc1 Bb7 13. Bg5 Nbd7 14. e4 Be7 15.
e5 Nd5 16. Bxe7 Qxe7 17. Ng5 c5 18. Nc3 h6 19. Nxd5 Bxd5 20. Bxd5 exd5 21. e6
Qxg5 22. Qxg5 hxg5 23. exd7 c4 24. a4 b4 25. Re5 Rfd8 26. Rxd5 Ra7 27. Rc1 Rc7
28. Kf1 Kf8 29. Ke2 Ke7 30. Rc5 Rcxd7 31. R1xc4 Rxd4 32. Rxd4 Rxd4 33. Rxg5 b3
34. Re5+ Kd6 35. Re3 Rb4 36. Kd2 g5 37. Kc3 Rxa4 38. Kxb3 Ra1 39. h4 gxh4 40.
gxh4 Rh1 41. Rf3 Ke6 42. Rf4 f5 43. Kb4 Rh2 44. Ka5 Ke5 45. Rf3 f4 46. Kxa6
1/2-1/2

[Event "Vladimir Dvorkovich Mem"]
[Site "Taganrog RUS"]
[Date "2015.01.24"]
[Round "7.1"]
[White "Maletin, P."]
[Black "Riazantsev, A."]
[Result "1/2-1/2"]
[WhiteElo "2578"]
[BlackElo "2684"]
[PlyCount "80"]
[EventDate "2015.01.18"]
[EventType "swiss"]
[EventRounds "9"]
[EventCountry "RUS"]

[SourceDate "2015.01.26"]

1. c4 Nf6 2. Nf3 e6 3. g3 b6 4. Bg2 Bb7 5. O-O Be7 6. Nc3 c5 7. d4 cxd4 8. Qxd4
d6 9. Bg5 O-O 10. Rfd1 Nc6 11. Qf4 Qb8 12. Nb5 Ne5 13. Bxf6 Bxf6 14. Nxd6 Nxf3+
15. Bxf3 Bxf3 16. Qxf3 Bxb2 17. Rab1 Be5 18. c5 Qc7 19. Qe4 Qxc5 20. Rbc1 Bxd6
21. Rxc5 Bxc5 22. Qd3 a5 23. a4 Rae8 24. Kg2 e5 25. Qe4 Re7 26. g4 h6 27. Rd5
Rfe8 28. h4 g6 29. h5 g5 30. e3 Kg7 31. Kf1 Re6 32. Ke2 R6e7 33. Qc2 Re6 34.
Qb2 Kg8 35. Kd3 e4+ 36. Ke2 Bb4 37. Qc2 Bc5 38. Qc4 Re5 39. Rd7 R5e7 40. Rd5
Re5 1/2-1/2

[Event "Vladimir Dvorkovich Mem"]
[Site "Taganrog RUS"]
[Date "2015.01.24"]
[Round "7.2"]
[White "Volkov, Sergey1"]
[Black "Fedoseev, Vl3"]
[Result "0-1"]
[WhiteElo "2618"]
[BlackElo "2668"]
[PlyCount "166"]
[EventDate "2015.01.18"]
[EventType "swiss"]
[EventRounds "9"]
[EventCountry "RUS"]

[SourceDate "2015.01.26"]

1. d4 Nf6 2. c4 c6 3. Nc3 d5 4. cxd5 cxd5 5. Bf4 Nc6 6. e3 a6 7. Bd3 Bg4 8.
Nge2 e6 9. a3 Be7 10. Rc1 O-O 11. O-O Bh5 12. Na4 Nd7 13. b4 Bg6 14. Bxg6 hxg6
15. Qb3 Rc8 16. Rc2 b5 17. Nc5 Bxc5 18. dxc5 Qf6 19. Bd6 Rfd8 20. f4 g5 21. Qd3
gxf4 22. exf4 Qh6 23. Nd4 Re8 24. Nxc6 Rxc6 25. f5 Nf6 26. fxe6 Rxe6 27. Bf4
Qh5 28. Rd2 Re4 29. Bd6 Rc8 30. h3 Rce8 31. Qf3 Qg6 32. Qf5 Qxf5 33. Rxf5 Rc4
34. Be5 Ne4 35. Rxd5 f6 36. Bc7 Re7 37. Bd6 Re6 38. Rd3 Rc2 39. Kh2 Nf2 40.
Rdf3 Nd1 41. Rg3 Kf7 42. Rf1 Ne3 43. Rff3 Re2 44. Bf4 Nc4 45. h4 R2e4 46. Rf2
Rd4 47. h5 Ree4 48. Rgf3 Ke7 49. g3 Rd5 50. Kg2 Rxh5 51. Rd3 g5 52. Bc7 Rh8 53.
c6 Rc8 54. Rd7+ Ke6 55. Rh7 g4 56. Kg1 Re1+ 57. Kh2 Ne3 58. Bb6 Rxc6 59. Bc5
Nd5 60. Rxf6+ Kxf6 61. Rh6+ Kf5 62. Rxc6 Re6 63. Rc8 Re2+ 64. Kg1 Ra2 65. Rf8+
Ke4 66. Re8+ Kd3 67. Rd8 Kc4 68. Rg8 Nf6 69. Rg6 Ne4 70. Rxg4 Kd5 71. Bf8 Rxa3
72. Rg6 Rxg3+ 73. Rxg3 Nxg3 74. Kf2 Nf5 75. Kf3 Kc4 76. Ke4 Nd4 77. Ke5 Nc2 78.
Kd6 Nxb4 79. Kc7 a5 80. Kb6 a4 81. Ka5 Nc6+ 82. Kb6 Nd4 83. Ka5 Nb3+ 0-1

[Event "Vladimir Dvorkovich Mem"]
[Site "Taganrog RUS"]
[Date "2015.01.24"]
[Round "7.3"]
[White "Korneev, O."]
[Black "Shomoev, A."]
[Result "1/2-1/2"]
[WhiteElo "2591"]
[BlackElo "2576"]
[PlyCount "114"]
[EventDate "2015.01.18"]
[EventType "swiss"]
[EventRounds "9"]
[EventCountry "RUS"]

[SourceDate "2015.01.26"]

1. e4 c5 2. c3 d5 3. exd5 Qxd5 4. d4 Nf6 5. Nf3 Bg4 6. dxc5 Qxc5 7. h3 Bf5 8.
Qa4+ Nbd7 9. Be3 Qc8 10. Nbd2 e6 11. Nh4 Bg6 12. g3 Bc5 13. Bxc5 Qxc5 14. Nxg6
hxg6 15. Bg2 Qe5+ 16. Ne4 Nxe4 17. Qxe4 Qxe4+ 18. Bxe4 Nc5 19. Bc2 Rd8 20. Rd1
Rxd1+ 21. Kxd1 g5 22. b4 Nd7 23. Be4 b6 24. Bg2 Ke7 25. Kc2 f5 26. a4 Ne5 27.
Re1 Kf6 28. Rd1 g4 29. h4 g5 30. hxg5+ Kxg5 31. Rh1 Rxh1 32. Bxh1 Kf6 33. Bb7
Ke7 34. Ba6 Kd6 35. Kd2 Nd7 36. Kd3 Nf6 37. Bb7 Kc7 38. Ba8 e5 39. Bg2 Kd6 40.
Bb7 f4 41. c4 a5 42. Kc3 Kc7 43. Ba8 fxg3 44. fxg3 Nh5 45. c5 bxc5 46. bxc5
Nxg3 47. Kd3 Kb8 48. Bg2 Nf5 49. Ke4 Nh4 50. Bh1 g3 51. Kxe5 Kc7 52. c6 g2 53.
Bxg2 Nxg2 54. Kd5 Nf4+ 55. Kc5 Nd3+ 56. Kb5 Kd6 57. Kb6 Nb4 1/2-1/2

[Event "Vladimir Dvorkovich Mem"]
[Site "Taganrog RUS"]
[Date "2015.01.24"]
[Round "7.4"]
[White "Lintchevski, D."]
[Black "Shimanov, A."]
[Result "0-1"]
[WhiteElo "2557"]
[BlackElo "2591"]
[PlyCount "116"]
[EventDate "2015.01.18"]
[EventType "swiss"]
[EventRounds "9"]
[EventCountry "RUS"]

[SourceDate "2015.01.26"]

1. e4 d6 2. d4 Nf6 3. Nc3 g6 4. g3 Bg7 5. Bg2 O-O 6. Nge2 Nbd7 7. O-O c5 8. h3
Rb8 9. Be3 b6 10. Qd2 Re8 11. Rad1 cxd4 12. Bxd4 Bb7 13. Rfe1 a6 14. f4 e5 15.
Bf2 exf4 16. Nxf4 Ne5 17. b3 Rc8 18. a4 Qc7 19. Bd4 Bc6 20. Kh1 h5 21. Re2 Qb7
22. Ncd5 Nxd5 23. exd5 Bd7 24. Rde1 b5 25. axb5 axb5 26. c3 Bf5 27. Be4 Qd7 28.
Kg2 Bh6 29. Qc2 Bxe4+ 30. Rxe4 h4 31. Bxe5 dxe5 32. Rxe5 Rxe5 33. Rxe5 Qd6 34.
Qe4 Rxc3 35. gxh4 f5 36. Qd4 Rc2+ 37. Kf3 Bg7 38. Re8+ Kf7 39. Re6 Bxd4 40.
Rxd6 Rc3+ 41. Ke2 Be5 42. Rd7+ Ke8 43. Nxg6 Kxd7 44. Nxe5+ Kd6 45. Nf3 Kxd5 46.
h5 Ke4 47. Ng5+ Kf4 48. h4 Rc6 49. Nf3 Rh6 50. Nd4 Rxh5 51. Nxb5 Rxh4 52. Nd4
Rh3 53. Kd2 Ke4 54. Ne6 Ke5 55. Nc5 Kd5 56. b4 Kc4 57. Ne6 Rb3 58. Ke2 Kd5 0-1

[Event "Vladimir Dvorkovich Mem"]
[Site "Taganrog RUS"]
[Date "2015.01.24"]
[Round "7.5"]
[White "Smirnov, P."]
[Black "Gabrielian, A."]
[Result "1-0"]
[WhiteElo "2585"]
[BlackElo "2554"]
[PlyCount "81"]
[EventDate "2015.01.18"]
[EventType "swiss"]
[EventRounds "9"]
[EventCountry "RUS"]

[SourceDate "2015.01.26"]

1. d4 Nf6 2. c4 c5 3. d5 e6 4. Nc3 exd5 5. cxd5 d6 6. e4 g6 7. Nge2 Bg7 8. Ng3
a6 9. a4 Nbd7 10. Be2 O-O 11. O-O Re8 12. Bg5 h6 13. Be3 h5 14. Bg5 Qa5 15. Qd2
Nh7 16. Bh6 h4 17. Bxg7 Kxg7 18. Nh1 h3 19. g4 Qb4 20. a5 Ndf6 21. Ng3 b5 22.
axb6 Rb8 23. g5 Nd7 24. Ra4 Qxb6 25. Rb1 f6 26. gxf6+ Nhxf6 27. b4 cxb4 28.
Raxb4 Qxb4 29. Rxb4 Rxb4 30. f4 a5 31. Bb5 Re7 32. Qa2 Nc5 33. Qxa5 Rb2 34. Bf1
Ba6 35. e5 Ng4 36. Qd8 Rf7 37. Bxh3 Nxh2 38. Bg2 dxe5 39. f5 Ng4 40. Qg5 Rb4
41. Nh5+ 1-0

[Event "Vladimir Dvorkovich Mem"]
[Site "Taganrog RUS"]
[Date "2015.01.24"]
[Round "7.6"]
[White "Bocharov, D."]
[Black "Goganov, A."]
[Result "0-1"]
[WhiteElo "2569"]
[BlackElo "2615"]
[PlyCount "118"]
[EventDate "2015.01.18"]
[EventType "swiss"]
[EventRounds "9"]
[EventCountry "RUS"]

[SourceDate "2015.01.26"]

1. Nf3 Nf6 2. g3 d5 3. Bg2 Bg4 4. c4 c6 5. Ne5 Be6 6. cxd5 Bxd5 7. Nf3 c5 8.
O-O e6 9. Nc3 Bc6 10. d3 Be7 11. e4 O-O 12. Qe2 Bd7 13. d4 cxd4 14. Nxd4 Nc6
15. Nb3 Qb8 16. Be3 Rd8 17. f4 Be8 18. e5 Nd7 19. g4 a5 20. Ne4 a4 21. Nbd2 Nb4
22. Nc4 Nd5 23. Bd4 Nf8 24. Ned6 Bc6 25. f5 Bg5 26. Be4 Ra6 27. Qf3 Qc7 28. h4
Bxh4 29. Qh3 Ne7 30. Bc2 Bd5 31. Qxh4 Bxc4 32. Rf2 Nc6 33. Bc3 Nxe5 34. Bxe5
Raxd6 35. Re1 f6 36. Bxd6 Rxd6 37. g5 exf5 38. Bxf5 Bf7 39. Qg3 fxg5 40. Ref1
Qc5 41. Bc2 Ne6 42. Qh3 h6 43. Qf5 Qxf5 44. Bxf5 Nf4 45. Rc2 Bxa2 46. Rc7 Rf6
47. Rc8+ Rf8 48. Bh7+ Kf7 49. Rc7+ Ke6 50. Re1+ Kd6 51. Rxb7 Rf7 52. Rxf7 Bxf7
53. Bc2 g4 54. Kh2 h5 55. Rd1+ Bd5 56. Bxa4 h4 57. Bb3 g3+ 58. Kg1 Nh3+ 59. Kf1
g2+ 0-1

[Event "Vladimir Dvorkovich Mem"]
[Site "Taganrog RUS"]
[Date "2015.01.24"]
[Round "7.7"]
[White "Sarana, A."]
[Black "Kokarev, Dm"]
[Result "0-1"]
[WhiteElo "2413"]
[BlackElo "2645"]
[PlyCount "78"]
[EventDate "2015.01.18"]
[EventType "swiss"]
[EventRounds "9"]
[EventCountry "RUS"]

[SourceDate "2015.01.26"]

1. d4 Nf6 2. c4 g6 3. Nc3 Bg7 4. e4 O-O 5. Nf3 c6 6. Be2 d6 7. Be3 e5 8. d5 Ng4
9. Bg5 f6 10. Bh4 c5 11. O-O Na6 12. Ne1 Nh6 13. Nd3 g5 14. Bg3 f5 15. exf5
Nxf5 16. Bg4 h6 17. h3 Nc7 18. Ne4 Ne8 19. Qe2 Nf6 20. Nxf6+ Qxf6 21. Rae1 Qg6
22. a3 Bd7 23. b4 b6 24. Kh2 Nd4 25. Qe4 Qxe4 26. Rxe4 Be8 27. Bd1 Bg6 28. Rfe1
Bxe4 29. Rxe4 cxb4 30. axb4 a5 31. bxa5 Rxa5 32. Nb4 Rc8 33. Bg4 Rxc4 34. Nc6
Ra1 35. f3 b5 36. Bf2 Nc2 37. Be6+ Kf8 38. Bb6 Rxe4 39. fxe4 Bf6 0-1

[Event "Vladimir Dvorkovich Mem"]
[Site "Taganrog RUS"]
[Date "2015.01.24"]
[Round "7.8"]
[White "Belous, V."]
[Black "Zakhartsov, Vl"]
[Result "1/2-1/2"]
[WhiteElo "2577"]
[BlackElo "2421"]
[PlyCount "154"]
[EventDate "2015.01.18"]
[EventType "swiss"]
[EventRounds "9"]
[EventCountry "RUS"]

[SourceDate "2015.01.26"]

1. Nf3 Nf6 2. c4 e6 3. g3 d5 4. Bg2 dxc4 5. Qa4+ Nbd7 6. Qxc4 c5 7. O-O Be7 8.
Qb3 Rb8 9. d3 Qc7 10. Nc3 a6 11. a4 b6 12. Ng5 O-O 13. Bd2 h6 14. Nge4 Bb7 15.
Bf4 e5 16. Nxf6+ Nxf6 17. Bxb7 Rxb7 18. Be3 Qd7 19. Rfc1 Rfb8 20. Qa2 Bf8 21.
f3 b5 22. axb5 axb5 23. Qa6 Nd5 24. Nxd5 Qxd5 25. Kg2 Qb3 26. Qa2 Qxa2 27. Rxa2
c4 28. dxc4 bxc4 29. Rc2 Rb3 30. Bc1 Rc8 31. Ra5 f6 32. Bd2 Rcb8 33. Bc3 Bb4
34. Ra4 h5 35. f4 exf4 36. gxf4 Rb5 37. Kf3 g5 38. Ra8+ Kf7 39. Rc8 g4+ 40. Ke3
Bxc3 41. bxc3 Rb1 42. Ra2 Rh1 43. Kd4 Rb7 44. e3 Rd7+ 45. Ke4 Re7+ 46. Kf5 Rf1
47. Rc5 Rxe3 48. Ra7+ Re7 49. Ra6 Kg7 50. Rxf6 Rxf4+ 51. Kxf4 Kxf6 52. Rxh5 Re2
53. Kxg4 Rc2 54. Rh3 Ke5 55. Re3+ Kf6 56. h3 Rg2+ 57. Kf4 Rd2 58. Rf3 Rd1 59.
Kg4+ Ke5 60. Re3+ Kd5 61. h4 Rg1+ 62. Rg3 Ra1 63. h5 Ke6 64. Kg5 Kf7 65. Rf3+
Kg7 66. h6+ Kg8 67. Rf4 Ra5+ 68. Kg6 Ra6+ 69. Rf6 Ra7 70. Rc6 Rg7+ 71. Kh5 Rd7
72. Rxc4 Kh7 73. Rc6 Rd8 74. Kg4 Rf8 75. c4 Rf1 76. Kg5 Rf8 77. c5 Rc8 1/2-1/2

[Event "Vladimir Dvorkovich Mem"]
[Site "Taganrog RUS"]
[Date "2015.01.25"]
[Round "8.1"]
[White "Riazantsev, A."]
[Black "Fedoseev, Vl3"]
[Result "1/2-1/2"]
[WhiteElo "2684"]
[BlackElo "2668"]
[PlyCount "115"]
[EventDate "2015.01.18"]
[EventType "swiss"]
[EventRounds "9"]
[EventCountry "RUS"]

[SourceDate "2015.01.26"]

1. d4 Nf6 2. c4 e6 3. Nf3 d5 4. Nc3 Nbd7 5. cxd5 exd5 6. Bg5 c6 7. e3 Bd6 8.
Bd3 Nf8 9. O-O Ng6 10. e4 dxe4 11. Nxe4 O-O 12. Nxf6+ gxf6 13. Bh6 Re8 14. Qb3
Qb6 15. Qc3 Bb4 16. Qb3 Bf8 17. Qxb6 axb6 18. Be3 Be6 19. a3 b5 20. Rfe1 Bd5
21. Nd2 Bg7 22. Rac1 Rad8 23. g3 Kh8 24. Rcd1 Be6 25. Ne4 Bb3 26. Rc1 Bd5 27.
Nc3 Be6 28. Bc2 f5 29. Ne2 Bf6 30. Rcd1 Rg8 31. Kf1 Rd7 32. Rd2 Rgd8 33. Red1
Kg7 34. Ke1 Kg8 35. Kf1 Re8 36. Nf4 Bc4+ 37. Kg1 Nxf4 38. Bxf4 Be6 39. Be5 Bg5
40. f4 Bd8 41. d5 Rxd5 42. Rxd5 Bxd5 43. Bxf5 f6 44. Bc3 Bb6+ 45. Kf1 Kf7 46.
Re1 Rd8 47. Be4 Bb3 48. Kg2 Bd4 49. Bxd4 Rxd4 50. Bf3 f5 51. Kf2 b4 52. Ke3 Rc4
53. axb4 Rxb4 54. Kd2 Be6 55. Kc2 Kf6 56. Re3 Ra4 57. Ra3 Rc4+ 58. Rc3 1/2-1/2

[Event "Vladimir Dvorkovich Mem"]
[Site "Taganrog RUS"]
[Date "2015.01.25"]
[Round "8.2"]
[White "Shimanov, A."]
[Black "Smirnov, P."]
[Result "1-0"]
[WhiteElo "2591"]
[BlackElo "2585"]
[PlyCount "63"]
[EventDate "2015.01.18"]
[EventType "swiss"]
[EventRounds "9"]
[EventCountry "RUS"]

[SourceDate "2015.01.26"]

1. d4 Nf6 2. c4 e6 3. Nc3 Bb4 4. e3 O-O 5. Bd3 d5 6. cxd5 exd5 7. Nge2 Re8 8.
Bd2 Bf8 9. Rc1 b6 10. O-O a5 11. f3 Ba6 12. Bc2 c5 13. Ba4 Nbd7 14. Re1 Bd6 15.
Nb5 Bb8 16. Ng3 Bxg3 17. hxg3 Nh5 18. g4 Ng3 19. e4 Qh4 20. Bf4 dxe4 21. fxe4
Nxe4 22. Qf3 Ng5 23. Qg3 Qxg3 24. Bxg3 Rxe1+ 25. Rxe1 Rd8 26. Bc7 Rc8 27. d5
Nf6 28. d6 Ne6 29. g5 Nxg5 30. Na7 Ne6 31. Nxc8 Bxc8 32. Bxb6 1-0

[Event "Vladimir Dvorkovich Mem"]
[Site "Taganrog RUS"]
[Date "2015.01.25"]
[Round "8.3"]
[White "Kokarev, Dm"]
[Black "Maletin, P."]
[Result "1/2-1/2"]
[WhiteElo "2645"]
[BlackElo "2578"]
[PlyCount "80"]
[EventDate "2015.01.18"]
[EventType "swiss"]
[EventRounds "9"]
[EventCountry "RUS"]

[SourceDate "2015.01.26"]

1. e4 c6 2. d4 d5 3. Nc3 dxe4 4. Nxe4 Nd7 5. Nf3 Ngf6 6. Nxf6+ Nxf6 7. c3 Bg4
8. h3 Bxf3 9. Qxf3 Qd5 10. Be2 Qxf3 11. Bxf3 e6 12. a4 a5 13. O-O Be7 14. Rd1
O-O 15. Bg5 h6 16. Bxf6 Bxf6 17. Kf1 Rfd8 18. g3 g6 19. Be4 h5 20. h4 Rd7 21.
Ke2 Kf8 22. Bf3 Ke7 23. Rd3 Kd6 24. Rdd1 Kc7 25. Be4 Rad8 26. Bc2 Re7 27. Kf1
Bg7 28. Bb3 Rd6 29. Re1 Red7 30. Re2 Kb6 31. Bc4 Rd8 32. Re4 R6d7 33. Bb3 Kc7
34. Ree1 Bf8 35. Red1 c5 36. dxc5 Rxd1+ 37. Rxd1 Rxd1+ 38. Bxd1 Bxc5 39. Be2 b6
40. Bb5 Kd6 1/2-1/2

[Event "Vladimir Dvorkovich Mem"]
[Site "Taganrog RUS"]
[Date "2015.01.25"]
[Round "8.4"]
[White "Goganov, A."]
[Black "Korneev, O."]
[Result "1/2-1/2"]
[WhiteElo "2615"]
[BlackElo "2591"]
[PlyCount "48"]
[EventDate "2015.01.18"]
[EventType "swiss"]
[EventRounds "9"]
[EventCountry "RUS"]

[SourceDate "2015.01.26"]

1. d4 d5 2. c4 e6 3. Nc3 Be7 4. Nf3 Nf6 5. Bf4 O-O 6. e3 Nbd7 7. cxd5 Nxd5 8.
Nxd5 exd5 9. Bd3 c5 10. O-O c4 11. Bc2 b5 12. e4 Nf6 13. e5 Ne4 14. Qb1 Bf5 15.
Ne1 Bg5 16. Qc1 Bxf4 17. Qxf4 Bg6 18. h4 f6 19. f3 fxe5 20. Qxe5 Re8 21. Qf4
Rf8 22. Qe5 Re8 23. Qf4 Rf8 24. Qe5 Re8 1/2-1/2

[Event "Vladimir Dvorkovich Mem"]
[Site "Taganrog RUS"]
[Date "2015.01.25"]
[Round "8.5"]
[White "Shomoev, A."]
[Black "Zontakh, A."]
[Result "1/2-1/2"]
[WhiteElo "2576"]
[BlackElo "2540"]
[PlyCount "80"]
[EventDate "2015.01.18"]
[EventType "swiss"]
[EventRounds "9"]
[EventCountry "RUS"]

[SourceDate "2015.01.26"]

1. e4 c6 2. d4 d5 3. Nc3 dxe4 4. Nxe4 Bf5 5. Ng3 Bg6 6. h4 h6 7. Nf3 Nd7 8. h5
Bh7 9. Bd3 Bxd3 10. Qxd3 e6 11. Bd2 Ngf6 12. O-O-O Be7 13. Kb1 Qb6 14. Rhe1 O-O
15. Nf5 exf5 16. Rxe7 Qd8 17. Re2 Ne4 18. Bc1 Re8 19. g4 fxg4 20. Rxe4 Rxe4 21.
Qxe4 Nf6 22. Qe5 gxf3 23. Rg1 Kh8 24. c4 b5 25. Bxh6 gxh6 26. c5 a5 27. Rg3 Ra7
28. Rxf3 Kg7 29. Qg3+ Kf8 30. Qh4 Qe7 31. Qxf6 Qe1+ 32. Kc2 Qe2+ 33. Kc1 Qe1+
34. Kc2 Qe2+ 35. Kc1 Qe1+ 36. Kc2 Qe2+ 37. Kc1 Qe1+ 38. Kc2 Qe2+ 39. Kc1 Qe1+
40. Kc2 Qe2+ 1/2-1/2

[Event "Vladimir Dvorkovich Mem"]
[Site "Taganrog RUS"]
[Date "2015.01.25"]
[Round "8.6"]
[White "Kharchenko, B."]
[Black "Belous, V."]
[Result "1/2-1/2"]
[WhiteElo "2483"]
[BlackElo "2577"]
[PlyCount "113"]
[EventDate "2015.01.18"]
[EventType "swiss"]
[EventRounds "9"]
[EventCountry "RUS"]

[SourceDate "2015.01.26"]

1. e4 c5 2. c3 Nf6 3. e5 Nd5 4. d4 cxd4 5. Nf3 e6 6. cxd4 d6 7. Bc4 Nc6 8. O-O
Be7 9. Qe2 O-O 10. Rd1 Na5 11. b3 Nb4 12. Ba3 Nxc4 13. Bxb4 a5 14. exd6 Nxd6
15. Ba3 b5 16. Bxd6 Bxd6 17. Nc3 b4 18. Ne4 Bb7 19. Ne5 Bd5 20. Rac1 a4 21.
Nxd6 Qxd6 22. Nc4 Qa6 23. Qe1 axb3 24. axb3 Qb7 25. Nd6 Qe7 26. Nc4 Qg5 27. Ne3
Bxb3 28. Rd3 Bd5 29. Nxd5 exd5 30. Rb1 Rab8 31. Re3 h5 32. Rxb4 Rxb4 33. Qxb4
Rc8 34. h3 Qf4 35. g3 Qf5 36. Kg2 Rc2 37. Qb8+ Kh7 38. Rf3 Qe4 39. Qe5 Kg6 40.
Qxe4+ dxe4 41. Rf4 e3 42. Kf1 exf2 43. Rxf2 Rc3 44. Kg2 Rd3 45. Rf4 f6 46. h4
Kf7 47. Re4 f5 48. Re5 g6 49. Rd5 Ke6 50. Re5+ Kd6 51. Ra5 Rxd4 52. Ra6+ Ke7
53. Rxg6 f4 54. gxf4 Rxf4 55. Kg3 Rf5 56. Rg5 Rxg5+ 57. hxg5 1/2-1/2

[Event "Vladimir Dvorkovich Mem"]
[Site "Taganrog RUS"]
[Date "2015.01.25"]
[Round "8.7"]
[White "Zakhartsov, Vl"]
[Black "Volkov, Sergey1"]
[Result "0-1"]
[WhiteElo "2421"]
[BlackElo "2618"]
[PlyCount "110"]
[EventDate "2015.01.18"]
[EventType "swiss"]
[EventRounds "9"]
[EventCountry "RUS"]

[SourceDate "2015.01.26"]

1. e4 e6 2. d4 d5 3. Nd2 Nf6 4. Bd3 c5 5. e5 Nfd7 6. c3 Nc6 7. Ne2 cxd4 8. cxd4
f6 9. exf6 Nxf6 10. O-O Bd6 11. Nf3 O-O 12. Bf4 Bxf4 13. Nxf4 Ng4 14. Qd2 Qf6
15. Nh5 Qh6 16. Qxh6 Nxh6 17. Rac1 g6 18. Ng3 a6 19. Rfe1 Bd7 20. Ne5 Nxe5 21.
Rxe5 Nf7 22. Ree1 Nd8 23. Rc7 Rf7 24. a3 Bb5 25. Rc3 Bxd3 26. Rxd3 Rc8 27. f3
Rfc7 28. Kf2 Kf7 29. Nf1 Rc2+ 30. Re2 Rc1 31. Ne3 h5 32. h4 Nc6 33. Re1 Na5 34.
Rxc1 Rxc1 35. Rc3 Rb1 36. Rc7+ Kf6 37. b4 Nc6 38. Rxb7 Rb2+ 39. Kg3 Nxd4 40.
Rb6 Ne2+ 41. Kf2 Nf4+ 42. Kf1 Rb3 43. Kf2 Rxa3 44. g3 Ra2+ 45. Kf1 d4 46. Nc4
Nd5 47. Rb7 d3 48. Ke1 Re2+ 49. Kf1 Rc2 50. Nd6 Ne3+ 51. Kg1 d2 52. Ne4+ Ke5
53. Nxd2 Rxd2 54. b5 axb5 55. Rxb5+ Kf6 0-1

[Event "Vladimir Dvorkovich Mem"]
[Site "Taganrog RUS"]
[Date "2015.01.25"]
[Round "8.8"]
[White "Lugovskoy, M."]
[Black "Bocharov, D."]
[Result "0-1"]
[WhiteElo "2401"]
[BlackElo "2569"]
[PlyCount "116"]
[EventDate "2015.01.18"]
[EventType "swiss"]
[EventRounds "9"]
[EventCountry "RUS"]

[SourceDate "2015.01.26"]

1. e4 g6 2. d4 Bg7 3. Nc3 d6 4. Bg5 a6 5. Qd2 b5 6. Nf3 Bb7 7. Bd3 Nd7 8. O-O-O
h6 9. Be3 e6 10. Ne2 Ngf6 11. Ng3 c5 12. dxc5 dxc5 13. e5 Bxf3 14. gxf3 Nxe5
15. Bxc5 Nxd3+ 16. Qxd3 Qxd3 17. Rxd3 Rc8 18. Bd4 O-O 19. Bxf6 Bxf6 20. Rhd1
Rc4 21. Ne4 Be5 22. h3 Kg7 23. Kb1 g5 24. Re1 Bf4 25. Ng3 Kg6 26. Rd7 Rfc8 27.
Re2 R8c6 28. Ne4 f5 29. Ng3 h5 30. a3 h4 31. Nf1 Kf6 32. Ne3 R4c5 33. Red2 Rc7
34. Rd8 Rc8 35. R8d7 a5 36. Rb7 Rb8 37. Rh7 Kg6 38. Rdd7 Be5 39. Ng2 b4 40. f4
Bxf4 41. axb4 axb4 42. Ne1 Rg8 43. Rhe7 Re5 44. Nd3 Re2 45. Rb7 Bb8 46. Rh7 b3
47. cxb3 Be5 48. Nxe5+ Rxe5 49. b4 Rb5 50. Rxb5 Kxh7 51. Re5 g4 52. hxg4 h3 53.
Re1 fxg4 54. Rg1 Kh6 55. Kc2 Kh5 56. Kd3 Rf8 57. Ke2 Rf4 58. b3 Kh4 0-1

[Event "Vladimir Dvorkovich Mem"]
[Site "Taganrog RUS"]
[Date "2015.01.26"]
[Round "9.1"]
[White "Maletin, P."]
[Black "Shimanov, A."]
[Result "1/2-1/2"]
[WhiteElo "2578"]
[BlackElo "2591"]
[PlyCount "80"]
[EventDate "2015.01.18"]
[EventType "swiss"]
[EventRounds "9"]
[EventCountry "RUS"]

[SourceDate "2015.01.26"]

1. c4 Nf6 2. Nf3 g6 3. g3 Bg7 4. Nc3 O-O 5. Bg2 c5 6. O-O d5 7. cxd5 Nxd5 8.
Nxd5 Qxd5 9. d3 Nc6 10. Be3 Bd7 11. Nd4 Qd6 12. Nxc6 Bxc6 13. Bxc6 Qxc6 14. Rc1
Qa6 15. Rxc5 b6 16. Rc2 Qxa2 17. Qa1 Qb3 18. Rfc1 a5 19. Qa3 a4 20. d4 Qxa3 21.
bxa3 Rfd8 22. Rb1 Bxd4 23. Bxd4 Rxd4 24. Rxb6 Ra7 25. Kg2 Kg7 26. Rbc6 Rd1 27.
R6c4 Ra1 28. R2c3 Ra2 29. Re3 h5 30. Rb4 Kf6 31. f4 e6 32. Kf2 Ra1 33. h3 Ra2
34. Rb5 Rc7 35. Rb4 Ra7 36. Rc3 Ra1 37. Rb5 Rh1 38. Kg2 Re1 39. Kf2 Rh1 40. Kg2
Re1 1/2-1/2